| 000 | 00786nam a22002297a 4500 | ||
|---|---|---|---|
| 005 | 20251108172717.0 | ||
| 008 | 250721s1999 xx 000 0 ara d | ||
| 082 | 1 | 4 | _a160/تيم |
| 100 | 1 |
_aإبن تيمية، تقي الدين أبو العباس أحمد بن عبد الحليم بن عبد _eمؤلف |
|
| 245 | 1 | 0 | _aنقض المنطق / |
| 264 | 1 |
_aبيروت : _bدار الكتب العلمية، _c1999. |
|
| 300 | _a114ص. | ||
| 650 | 1 | 7 | _aالمنطق |
| 650 | 1 | 7 | _aالفلسفة |
| 650 | 1 | 7 | _aعلم الكلام |
| 650 | 1 | 7 | _aالعقيدة الدينية |
| 650 | 1 | 7 | _aالفتاوى |
| 700 | 1 |
_aحمزة، محمد عبد الرازق _eمحقق |
|
| 700 | 1 |
_aالضيع، سليمان عبد الرحمن _eمحقق |
|
| 942 |
_2ddc _cBK |
||
| 999 |
_c86550 _d86550 |
||